| 000 | 00628nam a22001697a 4500 | ||
|---|---|---|---|
| 999 |
_c23491 _d23491 |
||
| 003 | BDDh-ASL | ||
| 005 | 20231015030240.0 | ||
| 008 | 210326s19901935ii ||||| |||| 00| 0 eng d | ||
| 040 |
_aBDDh-ASL _cBDDh-ASL |
||
| 082 |
_a930.1 _bANN |
||
| 245 | 1 | 0 |
_aAnnual Report of the Archaeological Survey of India 1935-36 : _b(with the kind Permission of the Govt. of India) / |
| 260 |
_aDelhi: _bSwati Publications, _c1990. |
||
| 300 |
_a163 p. : _bills., plates, map ; _c28 cm. |
||
| 650 | 0 |
_aArchaeology, প্রত্নতত্ত্ব Pratnatattba _xReport _zIndia _91567 |
|
| 700 | 1 |
_93548 _aBlakiston, J. F. |
|
| 942 |
_2ddc _cBK |
||